01115nam a2200193Ia 4500001001100000003001000011008004100021040002500062041001200087100002000099245004100119250001100160260006200171300002800233500026000261501011400521520026000635650002600895L871-38279IT-CnALBA170116s9999||||xx |||||||||||||| ||und|| aIT-CnALBAcIT-CnALBA aLATINO  aSENECA L. ANNEO 0aPAGINA DI VITA E DI CULTURA ROMANA.  a1a ed. a TO BO CT PAbSOCIETÀ ED. INTER. c1954 [1° Ed.: n.d.] a125 p. (prefazione: 32) aINTRODUZIONE E COMMENTO DI D'AGOSTINO V. RISTAMPA. VITA DELL'AUTORE. IL PROGRESSO MORALE. LA GINNASTICA. I SATURNALI. IL BENE. PADRONI E SCHIAVI. LA MORTE DEI FORTI. RASSEGNAZIONE AL VOLERE DI DIO. L'ESILIO. CLEMENZA DI AUGUSTO. VANE OCCUPAZIONI. BENEFICI aSocietà San Paolo EM - Piazza San Paolo, 14 - 12051 ALBA (CN) (non commercial uses only) ® Copyright 2017 aINTRODUZIONE E COMMENTO DI D'AGOSTINO V. RISTAMPA. VITA DELL'AUTORE. IL PROGRESSO MORALE. LA GINNASTICA. I SATURNALI. IL BENE. PADRONI E SCHIAVI. LA MORTE DEI FORTI. RASSEGNAZIONE AL VOLERE DI DIO. L'ESILIO. CLEMENZA DI AUGUSTO. VANE OCCUPAZIONI. BENEFICI aPROSE E POESIA LATINA